| Поле | Инд. | ПП | Название | Значение |
|---|---|---|---|---|
| Тип записи | a | |||
| Библиографический уровень | m | |||
| 001 | Контрольный номер | RU/LIBMSTU/419945884 | ||
| 005 | Дата корректировки | 20170209124013.8 | ||
| 020 | 00 | a | ISBN | 5-94462-095-1 |
| c | Цена, тираж | 77-22 | ||
| 084 | a | Индекс другой классификации/Индекс ББК | 67я2 | |
| 090 | x | Авторский знак | Ю 70 | |
| a | Полочн. индекс | 67я2 | ||
| 245 | 00 | a | Заглавие | Юридический справочник для дома |
| b | Продолж. заглавия | вопросы и ответы | ||
| c | Ответственность | авт.-сост. В. И. Руденко | ||
| 260 | 00 | a | Место издания | Москва |
| b | Издательство | Маркетинг | ||
| c | Дата издания | 2001 | ||
| 300 | 00 | a | Объем | 416 с. |
| 650 | _4 | a | Основная рубрика | Юридические науки-Справочные издания |
| 653 | 00 | a | Ключевые слова | Юридические науки |
| 653 | 00 | a | Ключевые слова | Наследство |
| 653 | 00 | a | Ключевые слова | Пенсии |
| 653 | 00 | a | Ключевые слова | Льготы |
| 653 | 00 | a | Ключевые слова | Милиция |
| 653 | 00 | a | Ключевые слова | Суд |
| 653 | 00 | a | Ключевые слова | Предпринимательство |
| 990 | 00 | f | Даты поступлений (DOS) | 04.02 |